000 00504nam a2200193Ia 4500
005 20140405094549.0
008 140130s9999 xx 000 0 und d
020 _a0439832985
050 _aPZ 8.3
_b.M127Gr 2006
100 _aMaccarone, Grace
_95551
245 _cMaccarone, Grace
_aGraduation day is here! /
260 _bScholastic,
_c2006.
_aNew York :
300 _a29 p. :
_bcol. ill. ;
_c23 cm.
440 _v1
_931106
521 _aG2
526 _c370
942 _cBK
_2lcc
999 _c40197
_d40197